000 00626cab a2200217 4500
001 WB2611-16
008 090401t1990 xxu||||| |||| 00| 0 eng d
035 _a(Sirsi) u9704
041 _aeng
245 _aEire property market holding up
260 _c1990
350 _a0
490 _aIrish Times
_v12/3/90 p16(2)
520 _aAccording to the survey by the Society of Chartered Surveyors and the Irish Times, the residential property market is thriving, particularly in the provinces.
650 _aDUBLIN
650 _aEIRE
650 _aHOUSE PRICES
690 _aHOUSING
942 _n0
948 _c04/03/1997
999 _c6096
_d6096